Statistics for IKEA Countries in Order

Click here to take the quiz!

General Stats

  • This quiz has been taken 7 times
  • The average score is 52 of 65

Answers on the Map

Answers color-coded by a green-red scale on the quiz's map according to % correct below.
 

Answer Stats

Answer% Correct
Australia
100%
Austria
100%
Canada
100%
Denmark
100%
Germany
100%
Japan
100%
Norway
100%
Sweden
100%
Switzerland
100%
Belgium
80%
Brazil
80%
Bulgaria
80%
Chile
80%
China
80%
Colombia
80%
Croatia
80%
Cyprus
80%
Czech Republic
80%
Dominican Republic
80%
Egypt
80%
Estonia
80%
Finland
80%
France
80%
Greece
80%
Hungary
80%
Iceland
80%
India
80%
Indonesia
80%
Ireland
80%
Israel
80%
Italy
80%
Jordan
80%
Kuwait
80%
Latvia
80%
Lithuania
80%
Malaysia
80%
Mexico
80%
Morocco
80%
Netherlands
80%
New Zealand
80%
Oman
80%
Peru
80%
Philippines
80%
Poland
80%
Portugal
80%
Romania
80%
Russia
80%
Saudi Arabia
80%
Serbia
80%
Slovakia
80%
Slovenia
80%
South Korea
80%
Spain
80%
Taiwan
80%
Thailand
80%
Turkey
80%
Ukraine
80%
United Arab Emirates
80%
United Kingdom
80%
United States
80%
Vietnam
80%
Qatar
60%
Bahrain
40%
Luxembourg
40%
Singapore
40%

Score Distribution

Percentile by Number Answered

Percent of People with Each Score

Your Score History

You have not taken this quiz